00843 2200289 4500001002100000005001500021035002500036007000300061008004100064020002200105040001700127082001200144084001400156090001800170090002200188100001500210245004200225260005300267300006500320504002900385650001700414850001200431250004400443999002200487990002200509990002200531INLIS00000000003466520191030124939 a0010-031800000000608ta180309s2017 yoia g | d a978-602-450-105-1 aYOPDYOGbind04223a540 a540 IsF P aDEP 540 IsF P aCB-D.11 2017-16710 aIs Fatimah10aPengetahuan bahan kimia /cIs Fatimah aYogyakarta :bUniversitas Islam Indonesia,c2017 avi, 116 halaman :bgambar sebagian berwarna, tabel. ;c24 cm aBibliografi: halaman 116 4aKimia, Bahan aYOPDYOG aCetakan I Juni 2017 M / Ramadhan 1438 H aCB-D.11/2017-1671 aCB-D.11/2017-1671 aCB-D.11/2017-1671